Central Library OPAC University of Rajshahi

International atomic policy during a decade : (Record no. 5388)

MARC details
000 -LEADER
fixed length control field 00836nam a2200229 a 4500
001 - CONTROL NUMBER
control field 5388
003 - CONTROL NUMBER IDENTIFIER
rucl marc code BD-RjUL
005 - DATE AND TIME OF LATEST TRANSACTION
control field 20211208234047.0
008 - FIXED-LENGTH DATA ELEMENTS--GENERAL INFORMATION
fixed length control field 131226s1956 enkb b 000 0 eng d
035 ## - SYSTEM CONTROL NUMBER
System control number (BD-RjUL)5424
040 ## - CATALOGING SOURCE
Original cataloging agency ANL
Language of cataloging eng
Transcribing agency ANL
Modifying agency VDU
-- BD-RjUL
041 1# - LANGUAGE CODE
Language code of text/sound track or separate title engswe
082 04 - DEWEY DECIMAL CLASSIFICATION NUMBER
Classification number 327.174
Author mark and year BII 1956
100 1# - MAIN ENTRY--PERSONAL NAME
Personal name Biorklund, Elis,
Dates associated with a name 1889-
9 (RLIN) 16932
245 10 - TITLE STATEMENT
Title International atomic policy during a decade :
Remainder of title an historical-political investigation into the problem of atomic weapons during the period 1945-55 /
Statement of responsibility, etc. by Elis Biorklund ; translated in Stockholm by Albert Read in co-operation with the author.
260 ## - PUBLICATION, DISTRIBUTION, ETC. (IMPRINT)
Place of publication, distribution, etc. London :
Name of publisher, distributor, etc. Allen & Unwin,
Date of publication, distribution, etc. 1956.
300 ## - PHYSICAL DESCRIPTION
Pagination 147 P. ;
Size 19 cm.
650 #0 - SUBJECT ADDED ENTRY--TOPICAL TERM
Topical term or geographic name as entry element Nuclear disarmament.
9 (RLIN) 14076
Topical term or geographic name as entry element World politics
Chronological subdivision 1945-
9 (RLIN) 7035
942 ## - ADDED ENTRY ELEMENTS (KOHA)
Source of classification or shelving scheme Dewey Decimal Classification
Koha item type Books
Holdings
Lost status Source of classification or shelving scheme Damaged status Not for loan Collection code Permanent Location Current Location Shelving location Date acquired Source of acquisition Cost, normal purchase price Total Checkouts Full call number Date last seen Copy number Koha item type
  Dewey Decimal Classification   Not For Loan Non-fiction Central Library, University of Rajshahi Central Library, University of Rajshahi   12/09/1956 Pak. American 12.30   327.174 BII 1956 26/12/2013 C-1 Books